| 000 | 00000nam##2200000za#4500 |
| 001 | 9.643450 |
| 003 | CaOODSP |
| 005 | 20210624224156 |
| 007 | cr ||||||||||| |
| 008 | 150407|1965||||xxc|||||o f|0| 0 fre|d |
| 040 | |aCaOODSP|bfre |
| 043 | |an-cn--- |
| 086 | 1 |aA63-1095/1965F-PDF |
| 110 | 1 |aCanada.|bAgriculture Canada. |bDirection générale de recherche. |
| 245 | 13|aLa race Lacombe / |h[ressource électronique]|c[par H. T. Fredeen et J. G. Stothart]. |
| 260 | |aOttawa - Ontario : |bAgriculture Canada. |c1965. |
| 300 | |a8p.|btableaux, photographies |
| 500 | |aPublication historique numérisée par Agriculture et Agroalimentaire Canada. |
| 590 | |a15-01-Supp|b2015-01-26 |
| 691 | 07|aPorc|2gcpds |
| 775 | 08|tThe Lacombe breed / |w(CaOODSP)9.699486 |
| 856 | 40|ahttp://publications.gc.ca|qPDF|s562 Ko|uhttps://publications.gc.ca/collections/collection_2014/aac-aafc/agrhist/A63-1095-1965-fra.pdf |
| 986 | |a1095 |